Normal view
MARC view
- الابداع الاداري -الجامعات الاردنية - الاردن
Entry Topical Term
001 - CONTROL NUMBER
- control field: 59800
003 - CONTROL NUMBER IDENTIFIER
- control field: JO-AjAnu
005 - DATE AND TIME OF LATEST TRANSACTION
- control field: 20230606083757.0
008 - FIXED-LENGTH DATA ELEMENTS
- fixed length control field: 230606|| aca||aabn | a|a d
040 ## - CATALOGING SOURCE
- Original cataloging agency: JO-AjAnu
- Transcribing agency: JO-AjAnu
150 ## - HEADING--TOPICAL TERM
- Topical term or geographic name entry element: الابداع الاداري -الجامعات الاردنية - الاردن
670 ## - SOURCE DATA FOUND
- Source citation: Work cat.: (JO-AjAnu)30496: اعداد: القضاة، دعاء فهيم علي؛ اشراف: ياسر عيسى المومني , author 59799, اثر الانماط القيادية على تحفيز الابداع الاداري في الجامعات الرسمية في الاردن = The impact of leadership styles on stimulating administrative creativity in jordanian public universities